00681nam a2200169 a 4500008004100000020001500041050001500056100002500071245008700096260003300183300002100216350000900237650002200246995009500268999001700363952013100380120416s1976 ||||||||||||||||| || u a0070538344 aHG 179 Ros aRosenberg, R. Robert10aSchaum's outline of theory and problems of personal finance and consumer economics aNew York:bMcGraw-Hillc1976 a[vi] 199p. : ill a0.00 aFINANCE, PERSONAL D0.00FCBU-MAIN LIBRARY (Kitwe)H1I5.95M1UAVAILABLEZMain Library Open Access Collection c57034d57034 00102lcc4070a001b001cMain Library Open Access Collectiond2022-11-30l0oHG 179 Rosp005977r2022-11-30w2022-11-30y002